000 00641nam a2200181Ia 4500
008 100920s9999 xx 000 0 und d
082 _b75968
_a24 थ 99
100 _aआळतेकर सदाशिव खंडो.
245 _aश्रीसमर्थ चरित्र.
260 _bकाँटिनेंन्टल्र प्रकाशन,पुणे 2.
_c1999
300 _a279
_bसाधी
365 _b120
520 _aसायो.
630 _aश्रीसमर्थ चरित्र.
650 _aसायो.
730 _aश्रीसमर्थ चरित्र.
942 _cBOOK
999 _c717423
_d717420